| 000 -LEADER | |
|---|---|
| fixed length control field | 00389nam a22001577a 4500 |
| 005 - DATE AND TIME OF LATEST TRANSACTION | |
| control field | 20160903125535.0 |
| 008 - FIXED-LENGTH DATA ELEMENTS--GENERAL INFORMATION | |
| fixed length control field | 160903b xxu||||| |||| 00| 0 eng d |
| 020 ## - INTERNATIONAL STANDARD BOOK NUMBER | |
| ISBN | 81-8321-001-5 |
| 041 ## - LANGUAGE CODE | |
| Language code of text/sound track or separate title | eng |
| 082 ## - DEWEY DECIMAL CLASSIFICATION NUMBER | |
| Item number | 20920 |
| 100 ## - MAIN ENTRY--AUTHOR NAME | |
| Personal name | CHAKARAVATI, B.P. |
| 245 ## - TITLE STATEMENT | |
| Title | METHODS OF BACTERIAL PLANT PATHOLOGY |
| 260 ## - PUBLICATION, DISTRIBUTION, ETC. (IMPRINT) | |
| Name of publisher | AGROTECH PUBLISHING ACADEMY |
| Year of publication | 2005 |
| 300 ## - PHYSICAL DESCRIPTION | |
| Number of Pages | 203 |
| 942 ## - ADDED ENTRY ELEMENTS (KOHA) | |
| Koha item type | Books |
| Lost status | Damaged status | Collection code | Home library | Current library | Shelving location | Date acquired | Source of acquisition | Cost, normal purchase price | Full call number | Accession Number | Copy number | Koha item type |
|---|---|---|---|---|---|---|---|---|---|---|---|---|
| Reference | JRU Library | JRU Library | SHELF-2-A | 03/09/2016 | PURCHASE | 800.00 | 20920 | 20920 | 5 | Books | ||
| AGRICULTURE | JRU Library | JRU Library | SHELF-45-B | 03/09/2016 | 800.00 | 20920 | 20921 | Books | ||||
| AGRICULTURE | JRU Library | JRU Library | SHELF-45-B | 03/09/2016 | PURCHASE | 800.00 | 20920 | 20922 | Books | |||
| AGRICULTURE | JRU Library | JRU Library | SHELF-45-B | 03/09/2016 | 800.00 | 20920 | 20923 | Books | ||||
| AGRICULTURE | JRU Library | JRU Library | SHELF-45-B | 03/09/2016 | 800.00 | 20920 | 20924 | Books |